| 000 | 00477nam a2200181 a 4500 | ||
|---|---|---|---|
| 005 | 20210223125853.0 | ||
| 008 | 060404s1999 mx r 000 0 spa d | ||
| 020 | _a9681906144 | ||
| 035 | _aUPN01000143744 | ||
| 049 | _aCG | ||
| 050 | 4 |
_aPQ8519 B4 _bB8.8 |
|
| 100 | 1 |
_aBenedetti, Mario, _d1920-2009 |
|
| 245 | 1 | 0 |
_aBuzón de tiempo / _cMario Benedetti. |
| 260 |
_aMéxico : _bAlfaguara, _c1999. |
||
| 300 | _a210 p. | ||
| 650 | 4 |
_aCUENTOS URUGUAYOS _910233 |
|
| 905 | _aLibro | ||
| 999 |
_c115891 _d115891 |
||